| 000 | 00524cam a2200181 a 4500 | ||
|---|---|---|---|
| 020 | _a0844739006 (cloth : alk. paper) | ||
| 040 | _cDLC | ||
| 082 | 0 | 0 | _a338 AEI 1996 A069 Or. |
| 100 | 1 | _aAlston, Julian M. | |
| 245 | 1 | 0 |
_aMaking science pay : _bthe economics of agricultural R&D policy / |
| 260 |
_aWashington, D.C. : _bAEI Press, _c1996. |
||
| 300 |
_axxiv, 375 p. : _bill. ; _c23 cm. |
||
| 650 | 0 | _aAgriculture | |
| 650 | 0 | _aAgriculture | |
| 650 | 0 | _aAgriculture and state | |
| 700 | 1 | _aPardey, Philip G. | |
| 942 | _cEK | ||
| 999 |
_c14648 _d14648 |
||